Ja saps què faràs el cap de setmana?
Descripción Física:
1 targeta postal ; il·lustracions color ; 10 x 15 cm
Materias:
Barcelona és Molt Més
; Productes turístics -- Barcelona (Catalunya : Província)
; Targetes postals
Idioma:
Catalán
MARC
| LEADER | 00000nkm a22000007a 4500 | ||
|---|---|---|---|
| 001 | 28873 | ||
| 003 | AGDB | ||
| 005 | 20260324181531.0 | ||
| 008 | 250519b spa||||| |||| 00| 0 cat d | ||
| 017 | |a B 9515-2024 | ||
| 040 | |a agdb |b cat | ||
| 245 | |a Ja saps què faràs el cap de setmana? | ||
| 260 | |a Barcelona : |b Diputació de Barcelona ; |c 2024 | ||
| 300 | |a 1 targeta postal ; |b il·lustracions color ; |c 10 x 15 cm | ||
| 500 | |a Al verso: "Experiències úniques en família" | ||
| 610 | 2 | 0 | |a Barcelona és Molt Més |9 51323 |
| 650 | 0 | |a Productes turístics |z Barcelona (Catalunya : Província) |9 72067 | |
| 655 | 0 | |a Targetes postals |9 52685 | |
| 710 | |a Barcelona (Catalunya : Província). |b Àrea de Desenvolupament Econòmic i Turisme |9 71481 | ||
| 942 | |2 udc |c ARXIU |n 1 | ||
| 952 | |0 0 |1 0 |4 0 |6 NBM1827 |7 1 |9 98115 |a Arxiu |b Arxiu |d 2025-05-21 |l 0 |o NBM-18-27 |p 28873 |r 2025-05-21 00:00:00 |w 2025-05-21 |y ARXIU | ||
| 999 | |c 129897 |d 129897 | ||